Pokémon chain #2 - Statistics

General Stats
  • This quiz has been taken 96 times
    91 since last reset
  • The average score is 16 of 20
Answer Stats
Hint Answer % Correct
Water-type starter Pokémon that resembles a small crocodile Totodile
91%
Electric-type Pokémon that serves as the series' mascot. Pikachu
90%
Psychic-type Pokémon with a long mustache that holds two spoons. Alakazam
87%
Water/flying-type Pokémon that evolves from the most useless Pokémon. Gyarados
87%
Ground-type Pokémon known for digging. Evolves by grouping up into a trio. Diglett
86%
Normal-type Pokémon that looks like a grizzly bear. Ursaring
84%
Psychic-type legendary bird Pokémon, featured on the cover of Pokémon Silver. Lugia
83%
Psychic-type Pokémon shaped like letters of the alphabet. Unown
83%
Electric-type Pokémon that looks like a sheep. Mareep
81%
Evolved version of an owl-like Pokémon, commonly found at night. Noctowl
80%
Fire-type legendary Pokémon that resembles a mastiff Entei
77%
Jellyfish-like Pokémon, evolved form. Tentacruel
77%
Large, serpentine Pokémon with a body of steel. Steelix
76%
Psychic/Flying-type bird Pokémon that can see into both the past and future. Xatu
76%
Water-type Pokémon that evolves into an octopus. Remoraid
73%
Blue psychic-type Pokémon known for enduring attacks and counterattacking. Wobbuffet
73%
Baby Pokémon with a balloon-like body, a small tuft of fuzzy hair, and a swirl design on its forehead. Igglybuff
71%
Steel-type bug Pokémon with a mostly spherical body. Forretress
63%
Normal/flying-type bird Pokémon with a brown head and red wings. Spearow
61%
Small, green rock/ground-type Pokémon that evolves twice. Larvitar
54%
No matching quizzes found
Score Distribution
Percent of People with Each Score
Percentile by Number Answered
Your Score History
You have not taken this quiz since the last reset